Statistiques concernant 15 principaux pays touchés par Covid-19 - 9 juin

Cliquez ici pour prendre le quiz!

Statistiques générales

  • Ce quiz a été pris 27 fois
  • Le résultat moyen est 12 sur 26

Statistiques - réponses

pays% Correct
France
95%
Espagne
90%
Etats-Unis
90%
Italie
80%
Allemagne
75%
Brésil
75%
Russie
75%
Inde
70%
Mexique
60%
Royaume-Uni
60%
Iran
50%
Suède
45%
Belgique
40%
Turquie
35%
Chili
30%
Chili
30%
Émirats arabes unis
25%
Pérou
25%
Arabie Saoudite
20%
Irlande
20%
Qatar
20%
Arménie
10%
Bahreïn
10%
Biélorussie
10%
Singapour
10%
Koweït
5%

Distribution des résultats

Percentile par nombre de réponses

% des personnes avec chaque résultat

Votre développement - résultats

Vous n’avez pas pris ce quiz